000 01065pam a2200289 a 4500
001 651763
005 20180228031623.0
008 940329s1994 dcua b 001 0 eng c
010 _a 94010598
020 _a0880486740 (hardcover : alk. paper)
020 _a0880486759 (softcover : alk. paper)
040 _aDNLM/DLC
_cDLC
_dDLC
041 _aeng
060 1 0 _aWM 15 D536 1994 Suppl.
080 _a616.89/075 ROB
082 0 0 _a616.89/075 ROB
_220
100 _a3
101 _aSHM
245 0 0 _aDSM-IV casebook :
_cedited by Robert L. Spitzer ... [et al.].
504 _aIncludes bibliographical references and index.
740 0 _aDSM-IV case book.
740 0 _aDSM-4 casebook.
906 _a7
_bcbc
_corignew
_d1
_eocip
_f19
_gy-gencatlg
942 _2ddc
_cBK
999 _c43665
_d43665